| 000 | 00947cam a22002295a 4500 | ||
|---|---|---|---|
| 001 | E142486 | ||
| 008 | 080215e20080214stk f s000 0 eng d | ||
| 020 | _a9780755969913 | ||
| 035 | _a(Sirsi) u142486 | ||
| 041 | 0 | _aeng | |
| 110 | 1 |
_aScotland _bScottish Government _95344 |
|
| 245 | 0 | 0 |
_aModernising planning appeals _bconsultation paper _h[electronic resource] |
| 260 |
_aEdinburgh _bScottish Government _c2008 |
||
| 520 | _aSeeks comments on proposed changes to the planning appeal system in Scotland. | ||
| 520 | _aWritten consultations submitted by 9 May 2008 | ||
| 590 | _aKA | ||
| 650 | 2 | 4 | _aPLANNING ETC. (SCOTLAND) ACT 2006 |
| 651 | 4 |
_aScotland _y1999- |
|
| 690 | _aENVIRONMENTAL AND LAND CONSULTANCY-PLANNING AND DEVELOPMENT-DEVELOPMENT CONTROL-PLANNING APPLICATIONS-PLANNING APPEALS | ||
| 856 | 4 | 0 |
_uhttps://www.scotland.gov.uk/Publications/2008/02/13104117/0 _zView the item free of charge at www.scotland.gov.uk... |
| 942 | _n0 | ||
| 999 |
_c107893 _d107893 |
||